| 000 | 00505nam a2200145Ia 4500 | ||
|---|---|---|---|
| 008 | 180901s9999 xx 000 0 und d | ||
| 020 | _a9789719808626 | ||
| 100 | _aClaudio,Lisandro E. | ||
| 245 |
_cLisandro E. Claudio, Patricio N. Abinales.-- _aThe Contemporary world / |
||
| 260 |
_aPhilippines : _bC & E Publishing, Inc. _c2018 |
||
| 300 |
_axii, 182 pages : _billustrations ; _c22 cm. |
||
| 500 | _aIncludes bibliographic reference and index. | ||
| 650 | _aGlobalization. | ||
| 650 | _aWorld Economics. | ||
| 999 |
_c358519 _d358519 |
||